|
|
|
|
| LEADER |
01007nam a2200265 a 4500 |
| 001 |
000028194 |
| 003 |
CZ BrMZK |
| 005 |
20060405075552.0 |
| 007 |
ta |
| 008 |
950707s1990 xr f cze d |
| 020 |
|
|
|a 80-235-0008-2
|
| 040 |
|
|
|a BOA001
|b cze
|
| 080 |
|
|
|a 802.0(075)
|2 MRF
|
| 100 |
1 |
|
|a Jindra, Miroslav,
|d 1929-2021
|7 jk01051740
|4 aut
|
| 245 |
1 |
0 |
|a Povídejme si o-- :
|b rozhlasový kurs /
|c Miroslav Jindra, Till Gottheinerová
|
| 260 |
|
|
|a Praha :
|b Orbis,
|c 1990
|
| 300 |
|
|
|a 73 s.
|
| 700 |
1 |
|
|a Gottheinerová, Till
|7 jk01032556
|4 aut
|
| 910 |
|
|
|a BOA001
|b PK-0113.904
|b 2-0962.785
|
| 920 |
|
|
|a 000010633
|
| 964 |
|
|
|a Angličtina - kurzy rozhlasové - příručky
|
| 990 |
|
|
|a BK
|
| 996 |
7 |
|
|b 2619970401
|c 2-0962.785
|l MZK
|r Sklad / do 1 hodiny
|n 0
|w 000028194
|u 000030
|a 1
|e BOA001
|j MZK50
|s A
|
| 996 |
7 |
|
|b 3119924649
|c PK-0113.904
|l MZK
|r Sklad / do 1 hodiny
|n 1
|w 000028194
|u 000020
|a 1
|e BOA001
|j MZK50
|s A
|
| 996 |
7 |
|
|b 3119987631
|c PK-0113.904
|l MZK
|r Sklad / do 1 hodiny
|n 0
|w 000028194
|u 000010
|a 1
|e BOA001
|j MZK50
|s A
|